| 000 | 00402nam a2200121Ia 4500 | ||
|---|---|---|---|
| 008 | 250110s9999 xx 000 0 und d | ||
| 041 | _aeng | ||
| 100 |
_aNaik Saurabhi _9204294 |
||
| 245 | _aEvolving Landscape Policies For second Home Tourism In Northern western Ghats | ||
| 260 |
_bBNCA M Arch Landscaspe Architecture _aPune _c2023 |
||
| 300 | _a45p | ||
| 700 |
_aGuide Name:Sahasrtabuddhe Swati _9210999 |
||
| 999 |
_c364682 _d364682 |
||